=LDR 00000nam 2200000 4500 =001 INLIS000000000034100 =005 20130612140022 =008 ***********************************ind** =035 ##$$0010-061300000034100 =041 ##$$a ind =082 ##$$a 813 =090 ##$$a 813, Cov d =100 ##$$a Coville, Bruce =245 ##$$a Dragon hatcher, Brug Coville ; penerjemah, Hamzah =260 ##$$a 2007 $b [ SI ] =300 ##$$a 194 hlm, 19 cm =650 ##$$a Fiksi =650 ##$$a Indonesia =850 ##$$a NBPNMAT